[Event "Challenge"]
[Site "http://www.queenalice.com/game.php?id=308680"]
[Date "2007.11.23"]
[Round "-"]
[White "TheMutsNuts"]
[Black "J_R_Ewing"]
[Result "1-0"]
[WhiteElo "1500"]
[BlackElo "1100"]

1. d4 d5 2. c3 f5 3. Nf3 g6 4. Bf4 Nf6 5. e3 Ne4 6. Ne5 a5 7. Bb5+ c6 8. Ba4 b5
9. Nxc6 Nxc6 10. Bxb5 Bd7 11. Qa4 Qb6 12. f3 Nb4 13. Bxd7+ Kf7 14. cxb4 g5 15.
fxe4 gxf4 16. exf5 fxe3 17. Be6+ Kf6 18. O-O e2 19. Re1 Qxd4+ 20. Kh1 Qxb2 21.
Na3 Bh6 22. Rab1 Qxa2 23. bxa5 Rab8 24. Qd4+ Kg5 25. Qd3 Rxb1 26. Nxb1 Rb8 27.
Nd2 Kf6 28. Rxe2 Rb2 29. Qd4+ Kg5 30. Nf3+ Kh5 31. Bf7# 1-0

[Event "Challenge"]
[Site "http://www.queenalice.com/game.php?id=322287"]
[Date "2007.12.18"]
[Round "-"]
[White "Stewart_The_Great"]
[Black "TheMutsNuts"]
[Result "1-0"]
[WhiteElo "1470"]
[BlackElo "1500"]

1. c4 e5 2. e4 g5 3. Nf3 f6 4. d4 Nc6 5. d5 Na5 6. h4 g4 7. Nh2 h5 8. f3 d6 9.
Qa4+ c6 10. dxc6 bxc6 11. b4 Nb7 12. Qxc6+ Qd7 13. Qd5 g3 14. Nc3 a6 15. c5 Ne7
16. Qd3 gxh2 17. Rxh2 a5 18. Nd5 axb4 19. Nxf6+ Kd8 20. Nxd7 Kxd7 21. g3 Nxc5
22. Qb5+ Nc6 23. Bh3+ Kc7 24. a3 Ba6 25. Qxc6+ Kxc6 26. Rd2 Nd3+ 27. Kd1 Bc4 28.
Rc2 Kb5 29. Bd7+ Kc5 30. Be3# 1-0

[Event "Challenge"]
[Site "http://www.queenalice.com/game.php?id=327257"]
[Date "2007.12.28"]
[Round "-"]
[White "TheMutsNuts"]
[Black "J_R_Ewing"]
[Result "1-0"]
[WhiteElo "1357"]
[BlackElo "1100"]

1. d4 d5 2. b4 b5 3. Nf3 e6 4. e3 Bxb4+ 5. c3 Qd6 6. cxb4 Qxb4+ 7. Bd2 Qb2 8.
Bc3 Qxa1 9. Bxa1 f5 10. Bxb5+ c6 11. Ba4 Nf6 12. Ne5 Ne4 13. Bxc6+ Nxc6 14. Nxc6
Bb7 15. Ne5 Rc8 16. Qa4+ Ke7 17. Qd7+ Kf6 18. Qf7+ Kg5 19. Qxg7+ Kh5 20. Qf7+
Kh6 21. Qxe6+ Kg7 22. Qd7+ Kf6 23. Nc3 Nxc3 24. Qf7+ Kg5 25. Qg7+ Kh5 26. h4
Rcg8 27. Qf6 Ne4 28. Qxf5+ Ng5 29. g4+ Kh6 30. Qf6+ Rg6 31. hxg5# 1-0

[Event "Challenge"]
[Site "http://www.queenalice.com/game.php?id=332754"]
[Date "2008.1.8"]
[Round "-"]
[White "genethetrucker"]
[Black "TheMutsNuts"]
[Result "0-1"]
[WhiteElo "1356"]
[BlackElo "1495"]

1. e4 d5 2. exd5 Qxd5 3. Nc3 Qe5+ 4. Be2 g6 5. Nf3 Qa5 6. d4 f5 7. O-O Nf6 8.
Re1 Bd7 9. Bg5 Ne4 10. Nxe4 fxe4 11. Ne5 Nc6 12. Nxd7 Qxg5 13. Nc5 e5 14. c3
O-O-O 15. Qa4 Bxc5 16. dxc5 Rhf8 17. b4 e3 18. f3 e4 19. Qd1 Rxd1 20. Raxd1 exf3
21. Bxf3 Rxf3 22. Kh1 Rf2 23. Kg1 Qxg2# 0-1

[Event "Challenge"]
[Site "http://www.queenalice.com/game.php?id=333178"]
[Date "2008.1.8"]
[Round "-"]
[White "Stewart_The_Great"]
[Black "TheMutsNuts"]
[Result "0-1"]
[WhiteElo "1510"]
[BlackElo "1393"]

1. e4 e5 2. Bc4 d6 3. Qh5 g6 4. Qf3 Nf6 5. Bb5+ c6 6. Ba4 b5 7. Bb3 Bb7 8. d3 c5
9. Na3 Ba6 10. Bg5 Nbd7 11. g4 h5 12. gxh5 Rxh5 13. Bd5 Rxg5 14. Nh3 Rg4 15.
Bxa8 Qxa8 16. Rg1 Rxg1+ 17. Nxg1 b4 18. Nb1 d5 19. d4 dxe4 20. Qg2 cxd4 21. Nd2
Bc5 22. Qg5 e3 23. Nb3 Qe4 24. Nxc5 Nxc5 25. Qxf6 Qg2 26. Qxe5+ Kd7 27. Qxd4+
Kc6 28. Qf6+ Ne6 29. Qf3+ Qxf3 30. Nxf3 e2 31. a3 b3 32. cxb3 g5 33. Ne5+ Kd5
34. Nxf7 Bd3 35. Rc1 Nd4 36. Rc3 Nf3# 0-1

[Event "Challenge"]
[Site "http://www.queenalice.com/game.php?id=340849"]
[Date "2008.1.22"]
[Round "-"]
[White "J_R_Ewing"]
[Black "TheMutsNuts"]
[Result "1/2-1/2"]
[WhiteElo "1175"]
[BlackElo "1539"]

1. e4 c5 2. Bc4 Nf6 3. d3 e5 4. Nf3 d6 5. Nc3 Bd7 6. Ng5 Be7 7. Nxf7 Bg4 8. f3
Qd7 9. Nxh8 Bh5 10. Nf7 Bxf7 11. Bb5 Nc6 12. g4 a6 13. Bc4 h5 14. g5 b5 15. Bb3
Nh7 16. Rg1 Bg6 17. a4 b4 18. Nd5 Qh3 19. Nc7+ Kd8 20. Nxa8 Nd4 21. Be3 Nxf3+
22. Kf2 Nfxg5 23. Nb6 Qxh2+ 24. Rg2 Qh4+ 25. Kf1 Qh3 26. Qd2 Nf3 27. Qe2 Nhg5
28. Kf2 h4 29. Bxg5 Nxg5 30. Rag1 a5 31. Rxg5 Bxg5 32. Rxg5 Qh2+ 33. Ke1 Qxe2+
34. Kxe2 Be8 35. Rxg7 h3 36. Rh7 c4 37. Bxc4 b3 38. cxb3 h2 39. Rxh2 Bf7 40.
Bxf7 Ke7 41. Rh7 d5 42. Nxd5+ Kf8 43. Nb6 Ke7 44. d4 Kd6 45. Rh6+ Ke7 46. Bc4
Kd8 47. dxe5 Ke7 48. e6 Kf8 49. Nd7+ Ke7 50. Bb5 Kd8 51. Rh7 Ke8 52. e7 1/2-1/2

[Event "AUTO-OPEN-984"]
[Site "http://www.queenalice.com/game.php?id=342541"]
[Date "2008.1.25"]
[Round "1"]
[White "Mauricio1990"]
[Black "TheMutsNuts"]
[Result "1-0"]
[WhiteElo "1756"]
[BlackElo "1511"]

1. d4 f5 2. c4 Nc6 3. Nf3 d6 4. e3 Nf6 5. Nc3 g5 6. Nxg5 h6 7. Nf3 e5 8. d5 Ne7
9. g3 e4 10. Nd4 c5 11. Nc2 b6 12. b4 a6 13. a3 a5 14. Bb2 Ng6 15. Nb5 Bg7 16.
Be2 h5 17. O-O Qe7 18. f3 h4 19. fxe4 Nxe4 20. Bxg7 Qxg7 21. g4 Ne5 22. Kh1 Ng3+
23. Kg2 fxg4 24. hxg3 hxg3 25. Rh1 Rh3 26. Nxd6+ Ke7 27. Nxc8+ Rxc8 28. e4 Rf8
29. Bxg4 Rxh1 30. d6+ Kd8 31. Kxh1 Nxg4 32. Kg2 Nf2 33. Qe2 Re8 34. Re1 Qg6 35.
e5 Rh8 36. Rg1 Nh3 37. Rf1 Nf2 38. Rg1 Rh2+ 39. Kf1 Nh3 40. Rg2 Nf4 41. Qf3 Rxg2
42. Qa8+ Kd7 43. Qb7+ Ke6 44. Qe7+ Kf5 45. Ne3+ Ke4 46. Nxg2 Nxg2 47. Kxg2 Qg4
48. Qb7+ Kf4 49. Qf7+ Ke3 50. d7 Qh4 51. Qf3+ 1-0

[Event "AUTO-OPEN-984"]
[Site "http://www.queenalice.com/game.php?id=342542"]
[Date "2008.1.25"]
[Round "1"]
[White "TheMutsNuts"]
[Black "Mauricio1990"]
[Result "0-1"]
[WhiteElo "1497"]
[BlackElo "1639"]

1. d4 d5 2. b4 Nc6 3. c3 e5 4. Nf3 e4 5. Ne5 Nxe5 6. dxe5 g6 7. f3 exf3 8. exf3
Bg7 9. f4 Ne7 10. g4 O-O 11. Bg2 Be6 12. Be3 c6 13. h4 Qd7 14. Bf3 f6 15. g5
fxe5 16. h5 e4 17. Bg2 Bg4 18. Qd2 Bxh5 19. Bc5 Rfe8 20. Bh3 Bg4 21. Qg2 Bxh3
22. Rxh3 Bf8 23. a3 b6 24. Bxe7 Rxe7 25. Nd2 Bg7 26. Qg3 e3 27. Nf3 Bxc3+ 28.
Ke2 Bxa1 29. Ne5 Bxe5 30. fxe5 d4 31. Rh1 Rf8 32. Qh4 Rxe5 33. Rd1 d3+ 34. Rxd3
Rf2+ 35. Qxf2 exf2+ 36. Kd2 Qxd3+ 37. Kxd3 f1=Q+ 38. Kd4 Qf4+ 39. Kc3 Re3+ 40.
Kd2 Qf2+ 41. Kc1 Re1# 0-1

[Event "AUTO-OPEN-984"]
[Site "http://www.queenalice.com/game.php?id=342561"]
[Date "2008.1.25"]
[Round "1"]
[White "Francisco_Ferraz"]
[Black "TheMutsNuts"]
[Result "1-0"]
[WhiteElo "1682"]
[BlackElo "1481"]

1. b3 e5 2. Bb2 f6 3. e3 g5 4. g3 g4 5. Qxg4 d6 6. Qe2 Be6 7. Qb5+ Nd7 8. Qxb7
Ne7 9. Qg2 d5 10. Bb5 c6 11. Ba4 h5 12. d3 Rg8 13. Ne2 Rc8 14. Nd2 Nb6 15. f4
Bh6 16. O-O Rb8 17. Rac1 Nxa4 18. Rb1 Nxb2 19. Rxb2 h4 20. c4 Qd7 21. Re1 a5 22.
Nf1 Ng6 23. c5 exf4 24. Nxf4 Bxf4 25. exf4 Nxf4 26. Qf3 Rg4 27. Ne3 Nxd3 28.
Nxg4 Nxe1 29. Nxf6+ Ke7 30. Qe3 Kxf6 31. Rf2+ Bf5 32. Qxe1 Re8 33. Qc3+ Kg5 34.
Qd2+ Kh5 35. Qf4 Bg4 36. h3 Rg8 37. Qe5+ Kh6 38. hxg4 Qxg4 39. Qe3+ Rg5 40. Rh2
Qd1+ 41. Kg2 Qg4 42. Kh1 d4 43. Qd3 Rh5 44. Qd2+ Rg5 45. Rxh4+ Kg6 46. Rxg4 Rxg4
47. Qd3+ Kg5 48. Kg2 Kh5 49. Qh7+ Kg5 50. Qe7+ Kf5 51. Kf3 Kg6 52. Kxg4 d3 53.
Qe4+ Kh6 54. Qxd3 Kg7 55. Qf5 a4 56. bxa4 Kh6 57. Qf6+ Kh7 58. Kg5 Kg8 59. Qxc6
Kh7 60. Qd7+ Kh8 61. Kg6 Kg8 62. Qe8# 1-0

[Event "AUTO-OPEN-984"]
[Site "http://www.queenalice.com/game.php?id=342562"]
[Date "2008.1.25"]
[Round "1"]
[White "TheMutsNuts"]
[Black "Francisco_Ferraz"]
[Result "1-0"]
[WhiteElo "1495"]
[BlackElo "1564"]

1. d4 d5 2. b4 g6 3. b5 Bd7 4. a4 b6 5. e3 Bg7 6. Nc3 Nh6 7. Nxd5 e6 8. Nf4 O-O
9. Ba3 Re8 10. c4 a5 11. g3 e5 12. Bg2 Ra7 13. Nfe2 exd4 14. Nxd4 Bg4 15. Bf3 c5
16. Nc6 Qxd1+ 17. Rxd1 Nxc6 18. bxc6 Bxf3 19. Nxf3 Bc3+ 20. Ke2 Ng4 21. Rd3 Bb4
22. h3 Ne5 23. Nxe5 Rc7 24. Bb2 f6 25. Nd7 Rxc6 26. Nxf6+ 1-0

[Event "AUTO-OPEN-984"]
[Site "http://www.queenalice.com/game.php?id=342573"]
[Date "2008.1.25"]
[Round "1"]
[White "TheMutsNuts"]
[Black "andorei"]
[Result "1-0"]
[WhiteElo "1494"]
[BlackElo "1105"]

1. d4 d5 2. b4 b5 3. e3 Nf6 4. Bxb5+ c6 5. Ba4 h5 6. Nc3 g6 7. f4 a5 8. Nf3 Bd7
9. Ne5 Bc8 10. Nxc6 Nxc6 11. Bxc6+ Bd7 12. Bxa8 Qxa8 13. Ba3 Ng4 14. Qf3 e6 15.
e4 dxe4 16. Qxe4 Bc6 17. Qe2 Bxg2 18. Rg1 Bf3 19. Qc4 Be7 20. h3 Ne3 21. Qd3
Bh4+ 22. Kd2 Be1+ 23. Rgxe1 Be4 24. Nxe4 Nf5 25. Qb5+ Kf8 26. bxa5+ Kg7 27. Qe5+
f6 28. Qxf6+ Kg8 29. Qxg6+ Ng7 30. Nf6# 1-0

[Event "AUTO-OPEN-984"]
[Site "http://www.queenalice.com/game.php?id=342574"]
[Date "2008.1.25"]
[Round "1"]
[White "andorei"]
[Black "TheMutsNuts"]
[Result "0-1"]
[WhiteElo "1105"]
[BlackElo "1539"]

1. e4 c5 2. c4 Nf6 3. Nc3 Nc6 4. f4 e5 5. fxe5 Nxe5 6. Qa4 a6 7. h4 Bd6 8. Rh3
Be7 9. Qb3 d6 10. Be2 Bxh3 11. gxh3 Qd7 12. Nf3 Qxh3 13. Kd1 Qh1+ 14. Kc2 Nxf3
15. Bxf3 Qxf3 16. Qxb7 Rd8 17. Qxa6 Nxe4 18. Qa5 O-O 19. Kb3 Rb8+ 20. Ka3 Ra8
21. Ka4 Nxc3+ 22. bxc3 Qd1+ 23. Kb5 Rfb8+ 24. Kc6 Rxa5 25. Kc7 Raa8 26. Kd7 Rb7+
27. Kc6 Qf3# 0-1

[Event "Challenge"]
[Site "http://www.queenalice.com/game.php?id=351155"]
[Date "2008.2.9"]
[Round "-"]
[White "TheMutsNuts"]
[Black "Mr_E_Fudd"]
[Result "0-1"]
[WhiteElo "1551"]
[BlackElo "1715"]

1. d4 d5 2. Nf3 c6 3. b4 e6 4. a3 a5 5. bxa5 Rxa5 6. Bd2 Ra8 7. c3 b5 8. e3 Nd7
9. Ne5 Ra6 10. Bd3 Bd6 11. Nxd7 Bxd7 12. Qg4 g6 13. e4 Nf6 14. Qf3 dxe4 15. Bxe4
Nxe4 16. Qxe4 f5 17. Qd3 Qh4 18. g3 Qe4+ 19. Qxe4 fxe4 20. Be3 e5 21. Nd2 Bf5
22. h3 h5 23. c4 Rxa3 24. Rxa3 Bxa3 25. dxe5 Bb2 26. f4 b4 27. c5 Bc3 28. Kf2
Kf7 29. h4 Ra8 30. Nb3 Ra2+ 31. Kg1 Be6 32. Nc1 b3 33. Nxa2 bxa2 34. Kg2 Bg4 35.
Rd1 Bxd1 0-1

[Event "Challenge"]
[Site "http://www.queenalice.com/game.php?id=356669"]
[Date "2008.2.18"]
[Round "-"]
[White "Stewart_The_Great"]
[Black "TheMutsNuts"]
[Result "1-0"]
[WhiteElo "1474"]
[BlackElo "1532"]

1. e4 e5 2. Nf3 Nc6 3. d3 h6 4. h4 f6 5. a4 d5 6. exd5 Qxd5 7. c4 Bb4+ 8. Bd2
Qa5 9. d4 Bg4 10. Be2 O-O-O 11. d5 Bxd2+ 12. Nfxd2 Bxe2 13. Qxe2 Nd4 14. Qg4+
Rd7 15. Qg6 Qb4 16. Ra3 Qxb2 17. Rc3 f5 18. Qe8+ Rd8 19. Qxe5 Nc2+ 20. Ke2 Nf6
21. Qxf5+ Rd7 22. Rxc2 Re8+ 23. Kf3 Qe5 24. Qxe5 Rxe5 25. Rb2 Rf7 26. Kf4 Rfe7
27. Nf3 Re4+ 28. Kf5 Nh5 29. Re1 Rxe1 30. Nxe1 Rxe1 31. Nc3 Rc1 32. Nb5 Rxc4 33.
Nxa7+ Kb8 34. Nb5 Rxa4 35. d6 Rf4+ 36. Ke5 c6 37. d7 Rf8 38. Nd6 Kc7 39. Ke6
Rf6+ 40. Ke7 Rf7+ 41. Nxf7 b5 42. d8=Q+ Kb7 43. Nd6+ Ka6 44. Ra2# 1-0

[Event "Challenge"]
[Site "http://www.queenalice.com/game.php?id=357260"]
[Date "2008.2.19"]
[Round "-"]
[White "TheMutsNuts"]
[Black "J_R_Ewing"]
[Result "1-0"]
[WhiteElo "1542"]
[BlackElo "1245"]

1. e4 e5 2. Nf3 Qf6 3. Bc4 Bc5 4. c3 d6 5. b4 Bb6 6. a4 Bg4 7. a5 Qf4 8. d3 Qf6
9. axb6 cxb6 10. Na3 a5 11. Qa4+ Nc6 12. Bb5 O-O-O 13. Bxc6 bxc6 14. Qxc6+ Kb8
15. Qxb6+ Kc8 16. Qc6+ Kb8 17. Bg5 Qe6 18. Bxd8 Qc8 19. Qxd6+ Kb7 20. Qb6+ Ka8
21. Nb5 Qb7 22. Rxa5+ Kb8 23. Bc7+ Kc8 24. Nd6+ Kd7 25. Nxe5+ Ke6 26. Nxb7+ Ke7
27. Qd6+ Ke8 28. Ra8+ Bc8 29. Rxc8# 1-0

[Event "Challenge"]
[Site "http://www.queenalice.com/game.php?id=362821"]
[Date "2008.2.28"]
[Round "-"]
[White "Stewart_The_Great"]
[Black "TheMutsNuts"]
[Result "0-1"]
[WhiteElo "1501"]
[BlackElo "1496"]

1. e4 e5 2. Qh5 Nc6 3. Bc4 g6 4. Qf3 Nf6 5. d3 Nd4 6. Qd1 Bc5 7. c3 Nc6 8. Be3
d5 9. exd5 Bxe3 10. fxe3 Nxd5 11. Qf3 Be6 12. e4 Nf4 13. d4 Bxc4 14. g3 Nd3+ 15.
Kd2 Qg5+ 16. Ke2 Qh5 17. Kd2 Qg5+ 18. Ke2 Nxb2+ 19. Kf2 exd4 20. Nh3 Nd3+ 21.
Kg2 Qc5 22. Nd2 Nce5 23. cxd4 Qxd4 24. Qf6 Rf8 25. Nf3 Qb2+ 26. Nf2 Qxf2+ 27.
Kh3 Be6+ 28. g4 Bxg4# 0-1

[Event "J_R_Ewing"]
[Site "http://www.queenalice.com/game.php?id=365702"]
[Date "2008.3.5"]
[Round "1"]
[White "J_R_Ewing"]
[Black "TheMutsNuts"]
[Result "0-1"]
[WhiteElo "1256"]
[BlackElo "1469"]

1. e4 e5 2. Qf3 Nc6 3. Bc4 f6 4. Nc3 Nd4 5. Qd1 c6 6. Nf3 Bc5 7. Na4 b5 8. Nxc5
bxc4 9. c3 Nxf3+ 10. gxf3 Qb6 11. b4 a5 12. Rg1 axb4 13. f4 Qxc5 14. Qh5+ g6 15.
Rxg6 hxg6 16. Qxh8 Kf8 17. f5 g5 18. h3 b3 19. a3 Qb5 20. Bb2 d5 21. h4 dxe4 22.
h5 Bxf5 23. h6 Ra7 24. a4 Qd5 25. Ba3+ c5 26. O-O-O Rh7 27. Qxh7 Bxh7 28. d4 Qc6
29. d5 Qxa4 30. Kb2 Qa7 31. d6 Qd7 32. Rd5 Kf7 33. Bxc5 Nxh6 34. Ba3 g4 35. Ra5
Bf5 36. Ra4 Qxa4 37. Bc5 Qa2+ 38. Kc1 Qc2# 0-1

[Event "Challenge"]
[Site "http://www.queenalice.com/game.php?id=367246"]
[Date "2008.3.7"]
[Round "-"]
[White "Stewart_The_Great"]
[Black "TheMutsNuts"]
[Result "1-0"]
[WhiteElo "1501"]
[BlackElo "1525"]

1. e4 d5 2. Nc3 Nf6 3. d3 e5 4. Bg5 Bc5 5. exd5 h6 6. Bxf6 Qxf6 7. Ne4 Qb6 8.
Qh5 Qxb2 9. Rd1 Qxc2 10. Nh3 Bb4+ 11. Nd2 Bc3 12. Ng5 O-O 13. h4 Bd7 14. Ke2 Bb5
15. Qf3 hxg5 16. hxg5 g6 17. Qh3 f5 18. Qh7# 1-0

[Event "J_R_Ewing"]
[Site "http://www.queenalice.com/game.php?id=371308"]
[Date "2008.3.15"]
[Round "2"]
[White "TheMutsNuts"]
[Black "Stewart_The_Great"]
[Result "1-0"]
[WhiteElo "1480"]
[BlackElo "1504"]

1. e4 e5 2. Nf3 Qf6 3. c3 Bc5 4. b4 Bb6 5. d4 exd4 6. cxd4 c5 7. Bg5 Qe6 8. bxc5
Ba5+ 9. Nbd2 Na6 10. Bc4 Qc6 11. O-O Bxd2 12. Qxd2 Qxe4 13. Rfe1 Nf6 14. Rxe4+
Nxe4 15. Re1 d5 16. Bxd5 Bf5 17. Qf4 Nc7 18. Qxf5 Nxd5 19. Rxe4+ Ne7 20. Rxe7+
Kd8 21. Qd7# 1-0

[Event "Challenge"]
[Site "http://www.queenalice.com/game.php?id=381106"]
[Date "2008.4.2"]
[Round "-"]
[White "J_R_Ewing"]
[Black "TheMutsNuts"]
[Result "0-1"]
[WhiteElo "1289"]
[BlackElo "1502"]

1. e4 e5 2. d3 Bc5 3. Qh5 Qf6 4. Bg5 Qxf2+ 5. Kd1 Qxf1+ 6. Kd2 Qxg2+ 7. Ne2 Qxh1
8. c4 Qg2 9. Nc3 Nf6 10. Bxf6 gxf6 11. Nd5 d6 12. Nxc7+ Kf8 13. a3 Bg4 14. Qh6+
Ke7 15. Re1 Bf2 16. Nd5+ Kd7 17. Nxf6+ Kc6 18. Nxg4 Qxg4 19. Rf1 Bh4 20. Kc2 Bg5
21. Qg7 Qxe2+ 22. Kb3 Qxd3+ 23. Kb4 Bd2+ 24. Ka4 b5+ 25. cxb5+ Qxb5# 0-1